000
00315nam a22001457a 4500
020
_a
81-8388-185-8
082
_a
823
_b
BHA/M
100
_a
BHARTI, JYOTSNA
245
_a
GOOD HABITS
250
_a
1
260
_a
CHENNAI
_b
SPIDER BOOKS
_c
2008
300
_a
96
650
_a
ENGLISH SHORT STORY
_z
CHENNAI
942
_c
BK
999
_c
3322
_d
3322